000 00875nam a2200265Ia 4500
003 OSt
005 20221005112713.0
006 a|||||r|||| 00| 0
007 ta
008 221004b |||||||| |||| 00| 0 pan d
020 _a9788182991538 (hbk)
_cINR 375.00
024 _a39294
037 _b1027, 12/03/2018, H.K. Prakashan
_cTextual
040 _aCRL
_cCRL
_bpan
041 _2pan
_apan
082 _aO153,3NJIx, Q8
100 _aਜਿੰਦਰ, ਂਚ.
245 0 _aਆਵਾਗ਼ਾਂ
260 _aਦਿੱਲੀ
_bਆਰਸੀ ਪਬਲਿFਰਗ਼ ਭਾਰਤ
_c2018
300 _a140ਪ0
_ccm.
650 _a ਪੰਜਾਬੀ ਕਹਾਣੀ
650 _aਪੰਜਾਾਬੀ ਸਾਹਿਤ
942 _hO153,3NJIx, Q8
_cTEXL
_2cc
999 _c1025706
_d1025706